|
|
|
|
| LEADER |
00000nam0a2200000 4500 |
| 001 |
18504 |
| 005 |
20231101205218.0 |
| 010 |
|
|
|a 5250008895
|
| 035 |
|
|
|a (RuTPU)RU\TPU\book\18654
|
| 090 |
|
|
|a 18504
|
| 100 |
|
|
|a 20011209d1990 km y0rusy50 ca
|
| 101 |
0 |
|
|a rus
|
| 102 |
|
|
|a RU
|
| 105 |
|
|
|a y z 000zy
|
| 200 |
1 |
|
|a Женщина и общество: декларации и реальность
|f Л. Т. Шинелева
|
| 210 |
|
|
|a Москва
|c Политиздат
|d 1990
|
| 215 |
|
|
|a 175 с.
|
| 606 |
|
|
|a Женщина
|x В СССР
|2 stltpush
|3 (RuTPU)RU\TPU\subj\10812
|9 37834
|
| 610 |
1 |
|
|a политика
|
| 610 |
1 |
|
|a женщины
|
| 610 |
1 |
|
|a СССР
|
| 610 |
1 |
|
|a женский вопрос
|
| 610 |
1 |
|
|a женское движение
|
| 686 |
|
|
|a Ф74(2)
|v LBC/SL-A
|2 rubbk
|
| 700 |
|
1 |
|a Шинелева
|b Л. Т.
|g Лидия Тимофеевна
|
| 801 |
|
0 |
|a RU
|b 63413507
|c 20011209
|g PSBO
|
| 801 |
|
2 |
|a RU
|b 63413507
|c 20191120
|g PSBO
|
| 942 |
|
|
|c BK
|